Đám đông cô đơn
Phác hoạ những đặc trưng tâm lí và tính cách của người dân nước Mỹ thông qua việc tái hiện xã hội nước Mỹ từ những năm đầu đến giữa thế kỉ 20
Αποθηκεύτηκε σε:
| Κύριος συγγραφέας: | |
|---|---|
| Μορφή: | Βιβλίο |
| Γλώσσα: | Undetermined |
| Έκδοση: |
Hà Nội
Tri thức ; Công ty Văn hóa & truyền thông Nhã Nam
2012
|
| Θέματα: | |
| Ετικέτες: |
Προσθήκη ετικέτας
Δεν υπάρχουν, Καταχωρήστε ετικέτα πρώτοι!
|
| Thư viện lưu trữ: | Trung tâm Học liệu Trường Đại học Cần Thơ |
|---|
| LEADER | 00983nam a2200217Ia 4500 | ||
|---|---|---|---|
| 001 | CTU_180656 | ||
| 008 | 210402s9999 xx 000 0 und d | ||
| 020 | |c 128000 | ||
| 082 | |a 305.813 | ||
| 082 | |b R559 | ||
| 100 | |a Riesman, David | ||
| 245 | 0 | |a Đám đông cô đơn | |
| 245 | 0 | |c David Riesman, Nathan Glazer, Reuel Denney ; Thiên Nga (dịch) | |
| 260 | |a Hà Nội | ||
| 260 | |b Tri thức ; Công ty Văn hóa & truyền thông Nhã Nam | ||
| 260 | |c 2012 | ||
| 520 | |a Phác hoạ những đặc trưng tâm lí và tính cách của người dân nước Mỹ thông qua việc tái hiện xã hội nước Mỹ từ những năm đầu đến giữa thế kỉ 20 | ||
| 650 | |a National characteristics, American,Ethnopsychology,Tính cách dân tộc,Tâm lý học dân tộc | ||
| 650 | |z United States | ||
| 904 | |i Hà Trang | ||
| 980 | |a Trung tâm Học liệu Trường Đại học Cần Thơ | ||